00829nam a2200169 a 4500008004100000050002900041110006000070245016500130260003800295300002000333350000900353500003400362650003200396995008300428999001700511952013100528150508s1998 ||||||||||||||||| || u aGOV.ZAM(05)DPD/1998/109A aGovernment of the Republic of Zambia. National Assembly10aRepublic of Zambia. Daily parliamentary debates, official verbatim report of the debates of the second session of the eighth... (1998)cBy the National Assembly aLusaka:bGovernment Printerc1998 avarious pagings a0.00 aLIBRARY HOLDINGS:January 16th aDAILY PARLIAMENTARY DEBATES FCBU-MAIN LIBRARY (Kitwe)I0.00M1UAVAILABLEWMay 8, 2015ZZambiana Collection c56266d56266 00102lcc4070a001b001cZambiana Collectiond2022-11-30l0oGOV.ZAM(05)DPD/1998/109Ap03005282r2022-11-30w2022-11-30y002